LEADER 01090nam a2200241 i 4500 001 991002516479707536 005 20020503170228.0 008 000704s1958 it ||| | ita 035 $ab10375764-39ule_inst 035 $aEXGIL105150$9ExL 040 $aBiblioteca Interfacoltà$bita 082 0 $a291 100 1 $aCurotto, Ernesto$0207711 245 10$aDizionario della mitologia universale :$bcon tavole fuori testo, fonti e bibliografia :$bMondo classico, Asia orientale e centrale, Asia occidentale, Islam, egitto e Africa, etruschi, Celti, Germani, Slavi e Scandinavi, America precolombiana, Primitivi /$cErnesto Curotto 260 $aTorino :$bSEI,$c1958 300 $aVIII, 488 p. :$b20 tav. ;$c24 cm. 650 4$aMitologia$xEnciclopedie e dizionari 907 $a.b10375764$b02-04-14$c27-06-02 912 $a991002516479707536 945 $aLE002 Enc. Cl. 5$g1$iLE002-28082/P3$lle002$o-$pE0.00$q-$rl$sm $t0$u0$v0$w0$x0$y.i10439833$z27-06-02 996 $aDizionario della mitologia universale$9203163 997 $aUNISALENTO 998 $ale002$b01-01-00$cm$da $e-$fita$git $h0$i1 LEADER 01668oam 2200421M 450 001 9910716454203321 005 20200213071030.2 035 $a(CKB)5470000002521603 035 $a(OCoLC)1065758680 035 $a(OCoLC)995470000002521603 035 $a(EXLCZ)995470000002521603 100 $a20071213d1927 ua 0 101 0 $aeng 135 $aurcn||||||||| 181 $ctxt$2rdacontent 182 $cc$2rdamedia 183 $acr$2rdacarrier 200 10$aAdditional district judges for Southern District of New York. January 20, 1927. -- Committed to the Committee of the Whole House on the State of the Union and ordered to be printed 210 1$a[Washington, D.C.] :$c[U.S. Government Printing Office],$d1927. 215 $a1 online resource (2 pages) 225 1 $aHouse report / 69th Congress, 2nd session. House ;$vno. 1825 225 1 $a[United States congressional serial set] ;$v[serial no. 8688] 300 $aBatch processed record: Metadata reviewed, not verified. Some fields updated by batch processes. 300 $aFDLP item number not assigned. 606 $aDistrict courts 606 $aJudges 608 $aLegislative materials.$2lcgft 615 0$aDistrict courts. 615 0$aJudges. 701 $aGraham$b George Scott$f1850-1931$pRepublican (PA)$01386798 801 0$bWYU 801 1$bWYU 801 2$bOCLCO 801 2$bOCLCQ 906 $aBOOK 912 $a9910716454203321 996 $aAdditional district judges for Southern District of New York. January 20, 1927. -- Committed to the Committee of the Whole House on the State of the Union and ordered to be printed$93537303 997 $aUNINA